| 000 | 00650nam a2200217 i 4500 | ||
|---|---|---|---|
| 001 | 23526 | ||
| 003 | ES-MaACL | ||
| 005 | 20230906152904.0 | ||
| 008 | 021211s1967 sp |||| | spa d | ||
| 080 | _a821.134.1(729.1)-31"19" | ||
| 100 | 1 |
_aAmado Blanco, Luis. _921082 |
|
| 245 | 1 | 0 |
_aCiudad rebelde / _cLuis Amado Blanco. |
| 250 | _a1ยช ed. | ||
| 260 |
_aBarcelona : _bNova Terra, _c1967. |
||
| 300 |
_a434 p. ; _c19 cm. |
||
| 490 | 1 |
_aActitudes. Serie novela ; _v5 |
|
| 830 | 0 |
_aActitudes. Serie novela ; _v5 _9229042 |
|
| 852 |
_aES-MaACL _jC-33860 |
||
| 852 |
_aES-MaACL _jAND-774 _z. - Biblioteca Juan Andrade |
||
| 999 |
_c23526 _d23526 |
||